Uptake of some heavy metals by Brassica chinensis /
محفوظ في:
| المؤلف الرئيسي: | |
|---|---|
| التنسيق: | أطروحة كتاب |
| اللغة: | English |
| منشور في: |
1983
|
| الموضوعات: | |
| الوسوم: |
إضافة وسم
لا توجد وسوم, كن أول من يضع وسما على هذه التسجيلة!
|
| LEADER | 00760cam a2200241 4500 | ||
|---|---|---|---|
| 001 | u36704 | ||
| 003 | SIRSI | ||
| 008 | 850627s1983 si v 0 eng | ||
| 015 | |a X850003650 | ||
| 035 | |a AAD-9506 | ||
| 040 | |a UMM | ||
| 090 | 0 | 0 | |a QK753 |b H4Chu |
| 100 | 1 | 0 | |a Chuah, Gaik Khuan |
| 245 | 1 | 0 | |a Uptake of some heavy metals by Brassica chinensis / |c by Chuah Gaik Khuan |
| 260 | |c 1983 | ||
| 300 | |a 208 leaves : |b ill. ; |c 30cm | ||
| 502 | |a Dissertation (M.Sc.) -- National University of Singapore, 1983 | ||
| 504 | 0 | 0 | |a Bibliography: leaves 198-208 |
| 650 | 0 | |a Plants |x Effect of heavy metals on. | |
| 650 | 0 | |a Brassica chinensis | |
| 948 | |a 16/03/1991 |b 15/06/2004 | ||
| 596 | |a 1 | ||
| 999 | |a QK753 H4CHU |w LC |c 1 |i A002721497 |l STACKS |m P01UTAMA |r Y |s Y |t TESIS |u 19/3/1992 | ||
